Sustaining Latin America's Resurgence : Some Historical Perspectives /

This paper looks at the historical lessons that might serve to entrech Latin America's newly resurgent growth phase. It briefly reviews the post-World War II experiences in Latin America and Asia, focusing on the conditions that favored capital accumulation and productivity growth in the faster...

Full beskrivning

Bibliografiska uppgifter
Huvudupphovsman: Singh, Anoop
Övriga upphovsmän: Cerisola, Martin
Materialtyp: Tidskrift
Språk:English
Publicerad: Washington, D.C. : International Monetary Fund, 2006.
Serie:IMF Working Papers; Working Paper ; No. 2006/252
Länkar:Full text available on IMF
LEADER 01517cas a2200253 a 4500
001 AALejournalIMF009154
008 230101c9999 xx r poo 0 0eng d
020 |c 5.00 USD 
020 |z 9781451865127 
022 |a 1018-5941 
040 |a BD-DhAAL  |c BD-DhAAL 
100 1 |a Singh, Anoop. 
245 1 0 |a Sustaining Latin America's Resurgence :   |b Some Historical Perspectives /  |c Anoop Singh, Martin Cerisola. 
264 1 |a Washington, D.C. :  |b International Monetary Fund,  |c 2006. 
300 |a 1 online resource (37 pages) 
490 1 |a IMF Working Papers 
500 |a <strong>Off-Campus Access:</strong> No User ID or Password Required 
500 |a <strong>On-Campus Access:</strong> No User ID or Password Required 
506 |a Electronic access restricted to authorized BRAC University faculty, staff and students 
520 3 |a This paper looks at the historical lessons that might serve to entrech Latin America's newly resurgent growth phase. It briefly reviews the post-World War II experiences in Latin America and Asia, focusing on the conditions that favored capital accumulation and productivity growth in the faster growing economies. Among these, the paper highlights the importance of stable macroeconomic policies, especially fiscal policy. 
538 |a Mode of access: Internet 
700 1 |a Cerisola, Martin. 
830 0 |a IMF Working Papers; Working Paper ;  |v No. 2006/252 
856 4 0 |z Full text available on IMF  |u http://elibrary.imf.org/view/journals/001/2006/252/001.2006.issue-252-en.xml  |z IMF e-Library